| 000 | 00673nam a22002177a 4500 | ||
|---|---|---|---|
| 003 | OSt | ||
| 005 | 20150924075303.0 | ||
| 008 | 130204t xxu||||| |||| 00| 0 eng d | ||
| 020 | _a9780071276030 | ||
| 050 |
_aB 72 . _b.St934 2008 |
||
| 082 |
_aM 190 _bSt929 2008 |
||
| 100 | _aStumpf, Samuel Enoch. | ||
| 245 |
_aSocrates to Sartre and beyond : _ba history of philosophy / _cSamuel Enoch Stumpf, James Fieser. |
||
| 260 |
_aBoston, Mass. : _bMcGraw-Hill, _c2008. |
||
| 300 |
_axiv, 498: _billustrations ; _c24 cm. |
||
| 500 | _aIncludes bibliographical references and index. | ||
| 526 | _c1210L-1700L | ||
| 562 | _e1 | ||
| 942 |
_2lcc _cBK _kFOR |
||
| 999 |
_c288730 _d288730 |
||